| 000 | 01076nam0a2200313 4500 | ||
|---|---|---|---|
| 001 | RU\NLR\bibl\841906 | ||
| 005 | 20260406122703.0 | ||
| 010 | _a5-17-028850-6 | ||
| 010 |
_a966-696-640-9 _910 000 |
||
| 021 |
_aRU _b2005-19338 _9984 |
||
| 035 | _a(NLR Aleph) 000830730 | ||
| 090 |
_a1359096 _c1359096 |
||
| 100 | _a20050916d2005 |||y0rusy50 ca | ||
| 101 | 0 | _arus | |
| 102 |
_aRU _aUA |
||
| 105 | _ay ||||||||| | ||
| 200 | 1 |
_aОткровения знахаря _iБлагодать исцеления _fАлександр Аксенов |
|
| 210 |
_aМосква _cАСТ _aДонецк _cСталкер _d2005 |
||
| 215 |
_a365, [2] с. _d17 |
||
| 606 | 1 |
_aКолдовство _91265374 _3RU\NLR\auth\66202430 |
|
| 606 | 1 |
_aЗнахарство _91152993 _3RU\NLR\auth\66460372 |
|
| 686 | _aЭ240.03 | ||
| 686 | _aР359.2 | ||
| 700 | 1 |
_4070 _8rus _7ca _aАксенов _bА.П. _cзнахарь _gАлександр Петрович _3RU\NLR\auth\77756 _9110796 |
|
| 801 | 0 |
_aRU _bNLR _c20050916 _grcr |
|
| 801 | 1 |
_aRU _bNLR _c20050916 |
|
| 942 | _cBOOK | ||
| 980 | _aNB | ||